Collision course : the classic story of the most extraordinary sea disaster of our times--the collision at sea of the S.S. Andrea Doria and the M.S. Stockholm /

Bibliographic Details
Main Author: Moscow, Alvin
Format: Book
Language:English
Published: New York : Grosset & Dunlap, [1981]
Subjects:

MARC

Tag First Indicator Second Indicator Subfields
LEADER 00000cam a2200000 a 4500
001 in00000075777
005 20151008054844.0
008 811222s1981 nyuaf 00110 eng
010 |a  81047698  
020 |a 0448120194 :  |c $12.95 
035 |a (OCoLC)07951244 
035 |9 AAJ1879AM 
039 0 |a 2  |b 3  |c 3  |d 3  |e 3 
040 |a DLC  |c DLC  |d TXA  |d UtOrBLW 
043 |a ln----- 
049 |a TXAM  |c [800786] 
050 0 0 |a G530.A244  |b M67 1981 
082 0 |a 363.1/23/091631  |2 19 
100 1 |a Moscow, Alvin. 
245 1 0 |a Collision course :  |b the classic story of the most extraordinary sea disaster of our times--the collision at sea of the S.S. Andrea Doria and the M.S. Stockholm /  |c by Alvin Moscow. 
264 1 |a New York :  |b Grosset & Dunlap,  |c [1981] 
264 4 |c ©1981 
300 |a 345 pages, 32 unnumbered pages of plates :  |b illustrations ;  |c 24 cm. 
336 |a text  |b txt  |2 rdacontent 
337 |a unmediated  |b n  |2 rdamedia 
338 |a volume  |b nc  |2 rdacarrier 
500 |a Illustrations on lining papers. 
500 |a Includes indexes. 
610 2 0 |a Andrea Doria (Steamship) 
610 2 0 |a Stockholm (Motorship) 
650 0 |a Shipwrecks  |z North Atlantic Ocean. 
999 |a MARS 
999 f f |s ce87f28d-bab7-3336-acdd-82c973305277  |i 716b53ef-5b71-3fa8-b93d-518e5e588ef9  |t 0 
952 f f |p ric  |a Texas A&M University  |b Rellis Campus  |c Joint Library Facility  |d Remote Storage  |t 0  |e G530.A244 M67 1981  |h Library of Congress classification  |i unmediated -- volume  |m A14806112886 
998 f f |a G530.A244 M67 1981  |t 0  |l Remote Storage